Salud mental : capacidad para transitar en la vida /

Detalles Bibliográficos
Otros Autores: Campos Gómez, Aline Aleida del Carmen (Editor), Peralta Jiménez, Yesenia (Editor), Romero Aguirre, Gladys de los Ángeles (Editor)
Formato: Electrónico eBook
Lenguaje:español
Publicado: Tampa, Florida : Sophia Editions, [2025]
Materias:
Acceso en línea:Digitalia Hispánica

MARC

LEADER 00000nam a2200000 i 4500
001 DIGSOPHIA0006
003 NyNyDIG
007 cr |||||||||||
008 260303s2025 flua ob 000 0 spa d
006 m o d
035 |a (OCoLC)1535771524 
040 |a DGITA  |b eng  |e rda  |e pn  |c DGITA 
020 |a 9781968794057  |q eBook 
024 7 |a 10.64092/ZMDY1568  |2 doi 
050 1 4 |a RA790.6 ebook 
245 0 0 |a Salud mental :  |b capacidad para transitar en la vida /  |c Aline Aleida del Carmen Campos Gómez, Yesenia Peralta Jiménez, Gladys de los Ángeles Romero-Aguirre (coordinadoras). 
264 1 |a Tampa, Florida :  |b Sophia Editions,  |c [2025] 
300 |a 1 online resource :  |b color illustrations. 
336 |a text  |b txt  |2 rdacontent 
337 |a computer  |b c  |2 rdamedia 
338 |a online resource  |b cr  |2 rdacarrier 
347 |a text file  |2 rdaft 
347 |b PDF 
504 |a Includes bibliographical references. 
588 0 |a Online resource; title from PDF title page (Digitalia, viewed March 3, 2026) 
650 0 |a Mental health. 
700 1 |a Campos Gómez, Aline Aleida del Carmen,  |e editor. 
700 1 |a Peralta Jiménez, Yesenia,  |e editor. 
700 1 |a Romero Aguirre, Gladys de los Ángeles,  |e editor. 
791 2 |a Digitalia (Firm),  |e distributor. 
793 0 |g Digitalia eBook Collection:  |a Sophia Editions 
856 4 0 |3 Digitalia Hispánica  |u https://www.digitaliapublishing.com/a/183767/ 
910 |a Premium collection: 2026